| 000 | 00692nam a2200241 a 4500 | ||
|---|---|---|---|
| 001 | 71746 | ||
| 003 | BD-RjUL | ||
| 005 | 20211209082144.0 | ||
| 008 | 170507s1948 enka b 001 0 eng d | ||
| 035 | _a(BD-RjUL)71962 | ||
| 040 |
_aBD-RjUL _beng _cBD-RjUL _dBD-RjUL |
||
| 041 | _aeng | ||
| 082 |
_223 _a541.39 _bGAS 1948 |
||
| 100 | 1 | 0 |
_aGaydon, A. G. _q(Alfred Gordon) _9212256 |
| 245 | 1 | 0 |
_aSpectroscopy and combustion theory / _cBy A.G. Gaydon |
| 250 | _a2d ed. rev | ||
| 260 |
_aLondon : _bChapman & Hall, _c1948 |
||
| 300 |
_axii, 242 p : _bill. ; _c22 cm |
||
| 650 | 0 |
_aChemical reaction _9212257 |
|
| 650 | 0 |
_aSpectrum analysis _9212258 |
|
| 942 |
_2ddc _cBK |
||
| 999 |
_c71746 _d71746 |
||